00597nam a2200169 a 450000100100000000500170001000800410002702000180006804000250008608200170011111000590012824500580018726000590024530000200030450000730032450400300039700004846420250611073818.0190322s2014 dr r 000 0 spa d a9789945591002 aDO-SdBNPbspacBNPHU axxxxbR4266p1 aRepública Dominicana.bMinisterio de Salud Pública10aPolítica nacional de investigación para la salud. aSanto Domingo :bMinisterio de Salud Pública,c2014. a83 p. ;c28 cm. aIncluye referencias bilbiográficas y notas al pie de las páginas aBibliografía : p. 75-77